[Event "BL 1617 Bayern München - USV TU Dresde"]
[Site "?"]
[Date "2017.03.19"]
[Round "10.8"]
[White "Unzicker, Ferdinand"]
[Black "Loxine, Jakov"]
[Result "1/2-1/2"]
[WhiteElo "2283"]
[BlackElo "2406"]
[PlyCount "99"]
[EventDate "2017.??.??"]

1. d4 Nf6 2. c4 g6 3. Nc3 Bg7 4. e4 d6 5. f3 O-O 6. Be3 Nbd7 7. Qd2 c5 8. Nge2
a6 9. dxc5 dxc5 10. Rd1 Qc7 11. Nf4 e6 12. Nd3 b6 13. Be2 Bb7 14. Bf4 e5 15.
Be3 Rfe8 16. O-O Nf8 17. Nd5 Bxd5 18. cxd5 Rec8 19. a4 N8d7 20. Rc1 a5 21. b3
Ne8 22. Nb2 Nd6 23. Nc4 Rf8 24. Nxd6 Qxd6 25. Bb5 Ra7 26. Qd3 f5 27. Bxd7 Qxd7
28. Rfd1 Qd6 29. Rc2 f4 30. Bf2 Bf6 31. Qb5 Be7 32. Kf1 Kf7 33. Ke2 Rg8 34. Ra2
Rga8 35. Rda1 h5 36. h3 Ra6 37. Rd1 R6a7 38. Be1 h4 39. Qc6 g5 40. Qxd6 Bxd6
41. Kd3 Ke7 42. Kc4 Kd7 43. Kb5 Kc7 44. Rc1 Kb7 45. Rac2 Re8 46. Ra2 Rea8 47.
Bc3 Rc8 48. Bd2 Rca8 49. Rca1 Ra6 50. Rc2 1/2-1/2

[Event "BL 1617 MSA Zugzwang - Schwäbisch Hall"]
[Site "?"]
[Date "2017.03.19"]
[Round "10.3"]
[White "Cornette, Matthieu"]
[Black "Hertneck, Gerald"]
[Result "1/2-1/2"]
[WhiteElo "2593"]
[BlackElo "2487"]
[PlyCount "65"]
[EventDate "2017.??.??"]

1. c4 e5 2. g3 Nf6 3. Bg2 d5 4. cxd5 Nxd5 5. Nc3 Nb6 6. e3 Nc6 7. Nge2 g6 8. d4
exd4 9. exd4 Bg7 10. d5 Ne5 11. O-O O-O 12. Bf4 Nbc4 13. b3 Nd6 14. Qd2 Bg4 15.
f3 Bd7 16. Bg5 Qc8 17. Bh6 Bxh6 18. Qxh6 Re8 19. g4 Re7 20. h3 Bb5 21. Nxb5
Nxb5 22. Ng3 Qf8 23. Qd2 Qg7 24. Rac1 Qf6 25. Ne4 Qb6+ 26. Kh1 Nd7 27. f4 Nf6
28. Nc5 Nd6 29. f5 Nde4 30. Nxe4 Nxe4 31. Bxe4 Rxe4 32. fxg6 hxg6 33. Qf2
1/2-1/2

[Event "BL 1617 MSA Zugzwang - Schwäbisch Hall"]
[Site "?"]
[Date "2017.03.19"]
[Round "10.6"]
[White "Gerigk, Erasmus"]
[Black "Womacka, Mathias"]
[Result "1/2-1/2"]
[WhiteElo "2354"]
[BlackElo "2427"]
[PlyCount "49"]
[EventDate "2017.??.??"]

1. e4 c5 2. Nc3 Nc6 3. f4 g6 4. Nf3 Bg7 5. Bb5 Nd4 6. O-O Nxb5 7. Nxb5 d5 8.
exd5 a6 9. Nc3 Nf6 10. d4 c4 11. Qe2 b5 12. Ne5 Nxd5 13. Ne4 O-O 14. c3 f6 15.
Nf3 Bf5 16. Bd2 Qc7 17. Nc5 e5 18. Nh4 exd4 19. Nxf5 Qxc5 20. Qe6+ Kh8 21. cxd4
Nc7 22. dxc5 Nxe6 23. Nxg7 Kxg7 24. Be3 Rac8 25. b4 1/2-1/2

[Event "BL 1617 MSA Zugzwang - Schwäbisch Hall"]
[Site "?"]
[Date "2017.03.19"]
[Round "10.8"]
[White "Lammers, Markus"]
[Black "Zpevak, Pavel"]
[Result "1/2-1/2"]
[WhiteElo "2312"]
[BlackElo "2355"]
[PlyCount "115"]
[EventDate "2017.??.??"]

1. Nf3 Nf6 2. c4 g6 3. d4 Bg7 4. Nc3 O-O 5. g3 d6 6. Bg2 c6 7. O-O Qa5 8. e4
Qh5 9. e5 dxe5 10. Nxe5 Ng4 11. Nf3 Na6 12. h3 Nf6 13. Ne5 Qxd1 14. Rxd1 Nb4
15. Rd2 Nd7 16. Nxd7 Bxd7 17. a3 Na6 18. Rd1 Rfd8 19. Be3 Rac8 20. Rac1 Be8 21.
d5 Bxc3 22. Rxc3 b6 23. Rcd3 Nc5 24. Rd4 Nb3 25. Re4 e6 26. Bg5 Rd7 27. Re3 Na5
28. Rd4 Kg7 29. b4 c5 30. bxc5 Rxc5 31. Ree4 Nb3 32. Rd3 Na5 33. Rdd4 Nb3 34.
Rd1 Na5 35. Rc1 Rdc7 36. Bf1 Rc8 37. Be3 exd5 38. Rxe8 Rxe8 39. Bxc5 bxc5 40.
cxd5 c4 41. Bxc4 Rc8 42. d6 Nxc4 43. d7 Rd8 44. Rxc4 Rxd7 45. Ra4 h6 46. g4 g5
47. Kg2 Kg6 48. Ra6+ f6 49. Kf3 Rd3+ 50. Ke4 Rxh3 51. Rxa7 Rh4 52. Kf3 Rh3+ 53.
Kg2 Rb3 54. a4 Ra3 55. a5 h5 56. gxh5+ Kxh5 57. a6 Kg4 58. Ra8 1/2-1/2

[Event "BL 1617 Hamburger SK - Schwäbisch Hall"]
[Site "?"]
[Date "2017.04.08"]
[Round "11.2"]
[White "Grandelius, Nils"]
[Black "Gharamian, Tigran"]
[Result "1/2-1/2"]
[WhiteElo "2641"]
[BlackElo "2625"]
[PlyCount "63"]
[EventDate "2017.??.??"]

1. e4 c6 2. d4 d5 3. Nc3 dxe4 4. Nxe4 Nd7 5. Ng5 Ngf6 6. Bd3 e6 7. N1f3 Bd6 8.
Qe2 h6 9. Ne4 Nxe4 10. Qxe4 Nf6 11. Qe2 Qc7 12. Bd2 b6 13. O-O-O Bb7 14. Ne5
O-O-O 15. f4 c5 16. dxc5 Bxc5 17. Kb1 Kb8 18. Rhf1 Nd5 19. c4 Nb4 20. Bxb4 Bxb4
21. Be4 Bd6 22. Bxb7 Qxb7 23. Qf3 Qxf3 24. Rxf3 Bxe5 25. Rxd8+ Rxd8 26. fxe5
Rd2 27. g4 Rd4 28. h3 Rxc4 29. Rxf7 Rc7 30. Rf8+ Rc8 31. Rf7 Rc7 32. Rf8+
1/2-1/2

[Event "BL 1617 Hamburger SK - Schwäbisch Hall"]
[Site "?"]
[Date "2017.04.08"]
[Round "11.3"]
[White "Cornette, Matthieu"]
[Black "Kempinski, Robert"]
[Result "1/2-1/2"]
[WhiteElo "2590"]
[BlackElo "2594"]
[PlyCount "53"]
[EventDate "2017.??.??"]

1. e4 d6 2. d4 Nf6 3. Nc3 g6 4. Bg5 h6 5. Be3 Bg7 6. h3 a6 7. e5 dxe5 8. dxe5
Qxd1+ 9. Rxd1 Nfd7 10. f4 b6 11. g3 Nc6 12. Nd5 Ra7 13. Rh2 e6 14. Nc3 Ke7 15.
Rhd2 Rd8 16. a4 Bb7 17. Nge2 Raa8 18. Bg2 Rab8 19. Kf2 f6 20. exf6+ Nxf6 21.
Nd4 Nxd4 22. Bxd4 Bxg2 23. Kxg2 Ne8 24. Bxg7 Rxd2+ 25. Rxd2 Nxg7 26. Ne2 Nf5
27. Nd4 1/2-1/2

[Event "BL 1617 Hamburger SK - Schwäbisch Hall"]
[Site "?"]
[Date "2017.04.08"]
[Round "11.4"]
[White "Miton, Kamil"]
[Black "Le Roux, Jean-Pierre"]
[Result "1/2-1/2"]
[WhiteElo "2619"]
[BlackElo "2542"]
[PlyCount "74"]
[EventDate "2017.??.??"]

1. d4 Nf6 2. c4 g6 3. Nc3 d5 4. Nf3 Bg7 5. Qb3 dxc4 6. Qxc4 O-O 7. e4 Na6 8.
Be2 c5 9. d5 e6 10. Bg5 exd5 11. Nxd5 Be6 12. O-O-O Bxd5 13. Rxd5 Qe8 14. Bxf6
Bxf6 15. Rhd1 Nb4 16. Rd6 b5 17. Qxb5 Nxa2+ 18. Kd2 Rb8 19. Qxe8 Rxb2+ 20. Ke3
Rxe8 21. Rxf6 Nc3 22. e5 Rxe2+ 23. Kd3 Nxd1 24. Kxe2 Nc3+ 25. Kd3 Nd5 26. Rd6
Nf4+ 27. Ke4 Ne6 28. Ra6 Re7 29. Nd2 Rb7 30. Ke3 Kf8 31. Nc4 Nc7 32. Ra5 Ne6
33. Nd6 Rb3+ 34. Kd2 Rb2+ 35. Ke3 Rb3+ 36. Kd2 Rb2+ 37. Ke3 Rb3+ 1/2-1/2

[Event "BL 1617 Hamburger SK - Schwäbisch Hall"]
[Site "?"]
[Date "2017.04.08"]
[Round "11.5"]
[White "Wirig, Anthony"]
[Black "Ernst, Sipke"]
[Result "1-0"]
[WhiteElo "2483"]
[BlackElo "2541"]
[PlyCount "81"]
[EventDate "2017.??.??"]

1. Nf3 d5 2. d4 Nf6 3. c4 c6 4. e3 g6 5. Nc3 Bg7 6. Be2 O-O 7. O-O e6 8. Qc2
Nbd7 9. b3 b6 10. Ba3 Re8 11. Bd6 Bb7 12. c5 e5 13. dxe5 Ng4 14. Nxd5 cxd5 15.
c6 Bxc6 16. Qxc6 Ndxe5 17. Qxd5 Nf6 18. Qd1 Neg4 19. Rc1 Ne4 20. Bb4 Qf6 21.
Bb5 Rad8 22. Qc2 Re6 23. Rcd1 Nexf2 24. Rxd8+ Qxd8 25. Rxf2 Nxf2 26. Kxf2 Bh6
27. e4 Qa8 28. e5 Bf8 29. Bxf8 Qxf8 30. a4 Qd8 31. Qe4 Qc7 32. h4 Kg7 33. Kg1
Qc5+ 34. Kh2 Re7 35. Qf4 Rc7 36. h5 gxh5 37. Qf6+ Kg8 38. Qg5+ Kh8 39. Qh6 Kg8
40. Bd3 Qc6 41. Qxh7+ 1-0

[Event "BL 1617 Hamburger SK - Schwäbisch Hall"]
[Site "?"]
[Date "2017.04.08"]
[Round "11.6"]
[White "Ftacnik, Lubomir"]
[Black "Womacka, Mathias"]
[Result "1/2-1/2"]
[WhiteElo "2554"]
[BlackElo "2428"]
[PlyCount "110"]
[EventDate "2017.??.??"]

1. Nf3 c5 2. c4 Nf6 3. Nc3 e6 4. g3 b6 5. Bg2 Bb7 6. O-O Be7 7. d4 cxd4 8. Qxd4
d6 9. Bg5 a6 10. Bxf6 Bxf6 11. Qf4 O-O 12. Rfd1 Be7 13. Ne4 Bxe4 14. Qxe4 Ra7
15. Nd4 Qc8 16. b3 Re8 17. a4 Qc5 18. Ra2 Bf8 19. Qb1 a5 20. Rad2 g6 21. Nb5
Rd7 22. Nc3 Qe5 23. Ne4 Red8 24. h4 Na6 25. Kh2 Nb4 26. f4 Qg7 27. Ng5 Be7 28.
Nf3 Bf6 29. e4 Bc3 30. Re2 Na6 31. Qc1 Nc5 32. Qe3 h6 33. g4 d5 34. cxd5 exd5
35. Rxd5 Rxd5 36. exd5 Rxd5 37. Qe8+ Qf8 38. Qb5 Qd6 39. Ne5 Rd4 40. Qe8+ Qf8
41. Nxg6 Qxe8 42. Rxe8+ Kh7 43. Ne7 Bd2 44. f5 Rxg4 45. Rf8 Rxh4+ 46. Kg3 Be1+
47. Kf3 Kg7 48. Rb8 Kf6 49. Nd5+ Ke5 50. Nxb6 Rf4+ 51. Ke2 Bh4 52. Nc4+ Kd4 53.
Bf3 Nxa4 54. bxa4 Kxc4 55. Rb5 f6 1/2-1/2

[Event "BL 1617 Hamburger SK - Schwäbisch Hall"]
[Site "?"]
[Date "2017.04.08"]
[Round "11.7"]
[White "Zeller, Frank"]
[Black "Kollars, Dmitrij"]
[Result "0-1"]
[WhiteElo "2390"]
[BlackElo "2500"]
[PlyCount "58"]
[EventDate "2017.??.??"]

1. Nf3 d5 2. c4 d4 3. b4 g5 4. h3 h6 5. d3 Bg7 6. Nbd2 e5 7. g4 Ne7 8. Ne4 Ng6
9. h4 gxh4 10. Bh3 Nc6 11. Qa4 O-O 12. Rb1 Nce7 13. b5 a6 14. b6 cxb6 15. Qa3
Be6 16. g5 Bxh3 17. Nf6+ Bxf6 18. gxf6 Nf5 19. Rxh3 Qxf6 20. Qb3 b5 21. cxb5
axb5 22. a3 Rfe8 23. Nd2 Nd6 24. Qd5 Rac8 25. Ne4 Nxe4 26. dxe4 Nf4 27. Bxf4
Qxf4 28. Rd1 Rc3 29. Rh1 Rec8 0-1

[Event "BL 1617 Hamburger SK - Schwäbisch Hall"]
[Site "?"]
[Date "2017.04.08"]
[Round "11.8"]
[White "Carlstedt, Jonathan"]
[Black "Raykhman, Alexander"]
[Result "1/2-1/2"]
[WhiteElo "2450"]
[BlackElo "2403"]
[PlyCount "131"]
[EventDate "2017.??.??"]

1. d4 Nf6 2. Nf3 g6 3. c4 Bg7 4. g3 O-O 5. Bg2 d6 6. Nc3 Nc6 7. O-O a6 8. Qd3
e5 9. dxe5 Nxe5 10. Nxe5 dxe5 11. Qxd8 Rxd8 12. Bg5 Re8 13. Nd5 Nxd5 14. cxd5
Bf8 15. Rac1 Bd6 16. Bf6 Bd7 17. Rc2 a5 18. Rfc1 Ra6 19. Bg5 e4 20. f3 Bf5 21.
Rc4 exf3 22. Bxf3 Rb6 23. Bf6 Rb4 24. Rxc7 Bxc7 25. Rxc7 Rc8 26. Re7 Rb6 27.
Bd4 Kf8 28. Re3 Rd6 29. Rb3 Rd7 30. Rb5 Re8 31. Rxa5 Be4 32. Kf2 f5 33. d6 Kf7
34. Ra7 Ke6 35. Bc5 b6 36. Rxd7 Kxd7 37. Bxb6 Kxd6 38. a4 Kc6 39. Bd4 Bxf3 40.
exf3 Ra8 41. b3 Rb8 42. a5 Rxb3 43. a6 Ra3 44. a7 Kd5 45. Bb6 Kc6 46. Bd4 Kd5
47. Bb6 g5 48. g4 Ra2+ 49. Ke3 f4+ 50. Kd3 h6 51. h3 Kc6 52. Bd4 Kb7 53. Bg7
Ra3+ 54. Ke4 Re3+ 55. Kf5 Rxf3 56. Bxh6 Rxh3 57. Bxg5 f3 58. Be3 f2 59. Bxf2
Rf3+ 60. Ke6 Rxf2 61. g5 Rg2 62. Kf6 Kxa7 63. g6 Kb7 64. g7 Kc7 65. Kf7 Rxg7+
66. Kxg7 1/2-1/2

[Event "BL 1617 Werder Bremen - USV TU Dresden"]
[Site "?"]
[Date "2017.04.08"]
[Round "11.1"]
[White "Almasi, Zoltan"]
[Black "Fressinet, Laurent"]
[Result "1/2-1/2"]
[WhiteElo "2696"]
[BlackElo "2665"]
[PlyCount "54"]
[EventDate "2017.??.??"]

1. Nf3 d5 2. g3 g6 3. Bg2 Bg7 4. O-O Nf6 5. c4 c6 6. b3 Ne4 7. d4 O-O 8. Bb2
Bf5 9. Nbd2 a5 10. Nh4 Nxd2 11. Qxd2 Be6 12. Rfc1 a4 13. Qb4 axb3 14. axb3 Rxa1
15. Bxa1 dxc4 16. bxc4 Bxd4 17. Bxd4 Qxd4 18. Qxb7 Qd2 19. Rb1 Nd7 20. Qxc6
Qxe2 21. Bf1 Ne5 22. Bxe2 Nxc6 23. Nf3 Rc8 24. c5 Bd5 25. Rc1 Rb8 26. Kf1 Rb2
27. Ne1 e5 1/2-1/2

[Event "BL 1617 Werder Bremen - USV TU Dresden"]
[Site "?"]
[Date "2017.04.08"]
[Round "11.2"]
[White "Bluebaum, Matthias"]
[Black "Nisipeanu, Liviu-Dieter"]
[Result "1/2-1/2"]
[WhiteElo "2634"]
[BlackElo "2684"]
[PlyCount "44"]
[EventDate "2017.??.??"]

1. d4 Nf6 2. c4 e6 3. Nf3 d5 4. Nc3 Bb4 5. cxd5 exd5 6. Bg5 h6 7. Bh4 Nbd7 8.
Qc2 g5 9. Bg3 Ne4 10. Nd2 Bxc3 11. bxc3 Nxg3 12. hxg3 Nf6 13. e3 Kf8 14. Bd3
Qe7 15. c4 dxc4 16. Nxc4 c5 17. dxc5 Qxc5 18. Qb2 Kg7 19. Nd2 Qb6 20. Qxb6 axb6
21. Bc4 Ng4 22. Ke2 Ne5 1/2-1/2

[Event "BL 1617 Werder Bremen - USV TU Dresden"]
[Site "?"]
[Date "2017.04.08"]
[Round "11.3"]
[White "Gajewski, Grzegorz"]
[Black "Efimenko, Zahar"]
[Result "0-1"]
[WhiteElo "2628"]
[BlackElo "2650"]
[PlyCount "68"]
[EventDate "2017.??.??"]

1. d4 d6 2. Nf3 Bg4 3. c4 Nf6 4. Nc3 g6 5. d5 Bg7 6. h3 Bxf3 7. exf3 c6 8. Be2
O-O 9. O-O Nbd7 10. Be3 Nb6 11. Rc1 Rc8 12. Bd4 cxd5 13. Bxf6 Bxf6 14. cxd5 Rc5
15. Ne4 Rxd5 16. Nxf6+ exf6 17. Qb3 Rc5 18. Rcd1 Qe7 19. Rd2 Re5 20. Bd3 Rc8
21. f4 Re1 22. Rd1 Rxd1 23. Rxd1 d5 24. g3 Kg7 25. Bf1 Qc5 26. Bg2 Qc2 27. Bxd5
Nxd5 28. Rxd5 Qe2 29. Kg2 Rc1 30. Qd3 Qe1 31. g4 Qg1+ 32. Kf3 Qh2 33. Ke2 Qh1
34. Qd2 Qf1+ 0-1

[Event "BL 1617 Werder Bremen - USV TU Dresden"]
[Site "?"]
[Date "2017.04.08"]
[Round "11.4"]
[White "Hracek, Zbynek"]
[Black "Paehtz, Elisabeth"]
[Result "1-0"]
[WhiteElo "2610"]
[BlackElo "2454"]
[PlyCount "91"]
[EventDate "2017.??.??"]

1. e4 e5 2. Nf3 Nc6 3. Bc4 Bc5 4. d3 Nf6 5. O-O d6 6. c3 a6 7. a4 Ba7 8. Re1 h6
9. Nbd2 O-O 10. h3 Ne7 11. d4 Ng6 12. Bf1 Re8 13. Qc2 Bd7 14. b4 Nh7 15. dxe5
dxe5 16. Nc4 Qf6 17. Ne3 Nf4 18. Nf5 g6 19. Bxf4 gxf5 20. Be3 f4 21. Bxa7 Rxa7
22. Bc4 Ng5 23. Nxg5 Qxg5 24. Qd3 Be6 25. Rad1 Raa8 26. Bxe6 Rxe6 27. Qf3 Rd8
28. Rxd8+ Qxd8 29. Rd1 Rd6 30. Rd5 Rxd5 31. exd5 Qd6 32. Qg4+ Kh7 33. Qf5+ Kg7
34. c4 c6 35. dxc6 bxc6 36. Qb1 Kf6 37. b5 cxb5 38. cxb5 axb5 39. Qxb5 Qd1+ 40.
Kh2 Qd4 41. a5 Ke6 42. f3 Qa1 43. a6 Kf6 44. Qb6+ Kg7 45. a7 e4 46. Qb8 1-0

[Event "BL 1617 Werder Bremen - USV TU Dresden"]
[Site "?"]
[Date "2017.04.08"]
[Round "11.5"]
[White "Vogel, Roven"]
[Black "Babula, Vlastimil"]
[Result "1-0"]
[WhiteElo "2462"]
[BlackElo "2559"]
[PlyCount "77"]
[EventDate "2017.??.??"]

1. c4 e5 2. Nc3 Nf6 3. Nf3 Nc6 4. g3 Bc5 5. Bg2 d6 6. O-O O-O 7. d3 h6 8. Na4
Bb6 9. Rb1 e4 10. dxe4 Nxe4 11. Nd2 Ng5 12. Nxb6 axb6 13. f4 Nh7 14. a3 Nf6 15.
e4 Nd4 16. h3 b5 17. b4 bxc4 18. Nxc4 Nb5 19. Qd3 c6 20. Bb2 d5 21. exd5 Nxd5
22. Rbd1 Re8 23. f5 Qc7 24. f6 g6 25. Qd2 g5 26. Rde1 Rxe1 27. Qxe1 Be6 28. h4
Nb6 29. Nxb6 Qxb6+ 30. Kh2 Nxa3 31. Qa1 Qa7 32. Qd1 Nc4 33. Bd4 Qb8 34. Qh5 Ra3
35. Rf3 Rxf3 36. Bxf3 Qf8 37. Bc5 Qd8 38. Qxh6 Qd2+ 39. Bg2 1-0

[Event "BL 1617 Werder Bremen - USV TU Dresden"]
[Site "?"]
[Date "2017.04.08"]
[Round "11.6"]
[White "Werle, Jan"]
[Black "Neef, Maximilian"]
[Result "1/2-1/2"]
[WhiteElo "2522"]
[BlackElo "2438"]
[PlyCount "49"]
[EventDate "2017.??.??"]

1. d4 Nf6 2. c4 g6 3. Nc3 Bg7 4. e4 d6 5. Nf3 O-O 6. Be2 e5 7. O-O Nc6 8. d5
Ne7 9. b4 a5 10. bxa5 c5 11. a4 Rxa5 12. Bd2 Ra6 13. Ra3 Kh8 14. Qb1 Neg8 15.
Ne1 Nd7 16. Nd3 f5 17. f4 Qe7 18. fxe5 Nxe5 19. Nf4 fxe4 20. Nxe4 Ra8 21. Ng3
Nh6 22. h3 Nf5 23. Nxf5 Bxf5 24. Qc1 b6 25. a5 1/2-1/2

[Event "BL 1617 Werder Bremen - USV TU Dresden"]
[Site "?"]
[Date "2017.04.08"]
[Round "11.7"]
[White "Moehn, Hans"]
[Black "Smerdon, David"]
[Result "1-0"]
[WhiteElo "2382"]
[BlackElo "2533"]
[PlyCount "47"]
[EventDate "2017.??.??"]

1. Nf3 d5 2. g3 g6 3. Bg2 Bg7 4. d4 Nf6 5. O-O O-O 6. c4 dxc4 7. Na3 c5 8. dxc5
c3 9. Qxd8 Rxd8 10. Nb5 cxb2 11. Bxb2 Nc6 12. Nfd4 Nxd4 13. Nxd4 Nd5 14. e3 Nb4
15. Bc3 Bxd4 16. Bxd4 Nc6 17. Rab1 Be6 18. Rxb7 Nxd4 19. exd4 Rxd4 20. c6 Rc8
21. Rc1 Kg7 22. c7 a5 23. Bf1 Kf6 24. Ra7 1-0

[Event "BL 1617 Bayern München - SV Hockenheim"]
[Site "?"]
[Date "2017.04.08"]
[Round "11.1"]
[White "Howell, David W L"]
[Black "Fedorovsky, Michael"]
[Result "1-0"]
[WhiteElo "2684"]
[BlackElo "2490"]
[PlyCount "119"]
[EventDate "2017.??.??"]

1. c4 c5 2. Nf3 Nc6 3. d4 cxd4 4. Nxd4 Nf6 5. Nc3 e6 6. Bf4 d5 7. e3 Bb4 8. Be2
dxc4 9. Nxc6 Qxd1+ 10. Rxd1 bxc6 11. Bxc4 Nd5 12. Bg3 Nxc3 13. bxc3 Bxc3+ 14.
Ke2 O-O 15. Rd3 Bf6 16. Rb1 Rd8 17. Bd6 e5 18. e4 a5 19. Rb6 Ra7 20. f3 Be6 21.
Bxe6 fxe6 22. Bb8 Rxd3 23. Kxd3 Rd7+ 24. Kc3 Rd1 25. Rb2 Kf7 26. Bc7 a4 27. Kb4
Rd4+ 28. Kc3 Rd1 29. Rc2 Ke7 30. Bb6 Bg5 31. Bc5+ Kd7 32. Kb4 Be7 33. Bxe7 Kxe7
34. Kxa4 Kd6 35. Kb3 c5 36. a4 Kc6 37. Ra2 Rd3+ 38. Kc2 Rd4 39. a5 Kb7 40. a6+
Ka7 41. Ra5 Rc4+ 42. Kd2 g5 43. g4 h6 44. h3 Rd4+ 45. Kc3 Rd1 46. Rxc5 Ra1 47.
Rxe5 Rxa6 48. Kd4 Kb7 49. h4 Kc7 50. hxg5 Kd6 51. f4 hxg5 52. Rxg5 Ra4+ 53. Ke3
Ra3+ 54. Kf2 Ra2+ 55. Kg3 Ra3+ 56. Kh4 Rf3 57. f5 Ke5 58. Rg6 exf5 59. exf5 Kf4
60. Ra6 1-0

[Event "BL 1617 Bayern München - SV Hockenheim"]
[Site "?"]
[Date "2017.04.08"]
[Round "11.2"]
[White "Johansson, Linus"]
[Black "Buhmann, Rainer"]
[Result "1-0"]
[WhiteElo "2428"]
[BlackElo "2609"]
[PlyCount "71"]
[EventDate "2017.??.??"]

1. d4 Nf6 2. c4 e6 3. Nc3 Bb4 4. e3 b6 5. Nge2 Ne4 6. Qc2 Bb7 7. a3 Bxc3+ 8.
Nxc3 Nxc3 9. Qxc3 d6 10. d5 O-O 11. b4 a5 12. Bb2 Qg5 13. h4 Qh6 14. g4 axb4
15. axb4 Rxa1+ 16. Bxa1 Qg6 17. Be2 Nd7 18. h5 Qf6 19. Qc1 Qe7 20. Qc3 f6 21.
h6 g6 22. g5 e5 23. gxf6 Qxf6 24. f4 Qf5 25. Qd3 Qxd3 26. Bxd3 b5 27. cxb5 Bxd5
28. Rh2 exf4 29. Bg7 Re8 30. Rc2 Rxe3+ 31. Kd2 Be4 32. Bxe4 Rxe4 33. Rxc7 Nb6
34. Rc6 Na4 35. Rxd6 Rxb4 36. Rf6 1-0

[Event "BL 1617 Bayern München - SV Hockenheim"]
[Site "?"]
[Date "2017.04.08"]
[Round "11.3"]
[White "Saric, Ivan"]
[Black "Lindgren, Philip"]
[Result "1-0"]
[WhiteElo "2609"]
[BlackElo "2427"]
[PlyCount "87"]
[EventDate "2017.??.??"]

1. e4 e5 2. Nf3 Nc6 3. Bb5 a6 4. Ba4 Nf6 5. O-O Be7 6. Re1 b5 7. Bb3 d6 8. c3
O-O 9. h3 Bb7 10. d4 Nd7 11. Nbd2 Bf6 12. Nf1 exd4 13. cxd4 Na5 14. Bc2 Re8 15.
Qd3 Nf8 16. Ng3 c5 17. Nh5 Nc6 18. dxc5 Nb4 19. Qb3 dxc5 20. Bb1 a5 21. Nxf6+
Qxf6 22. Qc3 Qxc3 23. bxc3 Nc6 24. Be3 Ne6 25. Nd2 b4 26. Rc1 Ba6 27. cxb4 Nxb4
28. a3 Nd3 29. Bxd3 Bxd3 30. f3 Nd4 31. Kf2 f5 32. Rxc5 Nc2 33. Rc1 Rec8 34.
Rxf5 Rc3 35. Rc5 Rxa3 36. R1xc2 Bxc2 37. Rxc2 a4 38. Ke2 Ra1 39. Bd4 Rh1 40.
Nf1 a3 41. Ra2 Ra5 42. Be3 g5 43. Bd2 Ra6 44. Bc1 1-0

[Event "BL 1617 Bayern München - SV Hockenheim"]
[Site "?"]
[Date "2017.04.08"]
[Round "11.4"]
[White "Belezky, Alexander"]
[Black "Moiseenko, Alexander"]
[Result "0-1"]
[WhiteElo "2398"]
[BlackElo "2670"]
[PlyCount "80"]
[EventDate "2017.??.??"]

1. Nf3 c5 2. g3 Nc6 3. Bg2 g6 4. c4 Bg7 5. O-O d6 6. Nc3 e5 7. Ne1 Be6 8. Nd5
Nge7 9. Nc2 O-O 10. a3 Qd7 11. Nce3 Bh3 12. Qa4 Nxd5 13. Nxd5 Nd4 14. Qd1 Bxg2
15. Kxg2 f5 16. e3 Ne6 17. f4 Nc7 18. Nxc7 Qxc7 19. Rb1 Qc6+ 20. Kg1 d5 21.
cxd5 Qxd5 22. fxe5 Qd3 23. Ra1 Bxe5 24. Qf3 Rf7 25. a4 Rd8 26. Ra3 Qe4 27. Qxe4
fxe4 28. Rxf7 Kxf7 29. Rb3 b6 30. a5 Rd6 31. Kf2 g5 32. axb6 axb6 33. Ra3 Bxb2
34. Bxb2 Rxd2+ 35. Kg1 Rxb2 36. Ra4 b5 37. Rxe4 Rc2 38. Re5 b4 39. Rxg5 b3 40.
Rf5+ Ke6 0-1

[Event "BL 1617 Bayern München - SV Hockenheim"]
[Site "?"]
[Date "2017.04.08"]
[Round "11.5"]
[White "Baramidze, David"]
[Black "Richter, Wolfgang"]
[Result "1/2-1/2"]
[WhiteElo "2609"]
[BlackElo "2387"]
[PlyCount "99"]
[EventDate "2017.??.??"]

1. Nf3 f5 2. g3 Nf6 3. Bg2 d6 4. d4 g6 5. O-O Bg7 6. Nbd2 Nc6 7. c3 O-O 8. Re1
d5 9. c4 dxc4 10. Nxc4 Be6 11. b3 Ne4 12. Bb2 b5 13. Ncd2 Bd5 14. Rc1 Qd6 15.
e3 Rad8 16. Qe2 a6 17. Red1 e5 18. dxe5 Qe7 19. Nxe4 Bxe4 20. e6 Bxb2 21. Qxb2
Qxe6 22. Rxd8 Rxd8 23. Ng5 Qe5 24. Qxe5 Nxe5 25. Nxe4 fxe4 26. Bxe4 Rd2 27.
Rxc7 Rxa2 28. Re7 Ng4 29. Bd5+ Kh8 30. Rf7 Ra1+ 31. Kg2 Ra2 32. e4 Ne5 33. Rf4
Kg7 34. h4 h5 35. Kf1 Rc2 36. f3 Rc1+ 37. Ke2 Rg1 38. Ke3 Rd1 39. g4 Rd3+ 40.
Ke2 hxg4 41. fxg4 Rh3 42. g5 a5 43. Rf6 a4 44. bxa4 bxa4 45. Re6 Nd3 46. Re7+
Kf8 47. Rf7+ Ke8 48. Kd2 Nb4 49. Ra7 Nxd5 50. exd5 1/2-1/2

[Event "BL 1617 Bayern München - SV Hockenheim"]
[Site "?"]
[Date "2017.04.08"]
[Round "11.6"]
[White "Reich, Thomas"]
[Black "Braun, Arik"]
[Result "0-1"]
[WhiteElo "2367"]
[BlackElo "2581"]
[PlyCount "58"]
[EventDate "2017.??.??"]

1. d4 Nf6 2. c4 e6 3. Nc3 Bb4 4. Nf3 c5 5. g3 cxd4 6. Nxd4 Ne4 7. Bd2 Bxc3 8.
Bxc3 Nxc3 9. bxc3 a6 10. Bg2 Qc7 11. O-O Qxc4 12. Rb1 O-O 13. Qd2 Qc7 14. c4 d6
15. Qb4 e5 16. Nc2 a5 17. Qb6 Qxc4 18. Ne3 Qa6 19. Nd5 Qxb6 20. Rxb6 Nc6 21. e3
a4 22. a3 Rd8 23. Rc1 Kf8 24. f4 Ra5 25. Rbb1 exf4 26. gxf4 Be6 27. Nb4 Nxb4
28. Rxb4 Rc5 29. Rbb1 b6 0-1

[Event "BL 1617 Bayern München - SV Hockenheim"]
[Site "?"]
[Date "2017.04.08"]
[Round "11.7"]
[White "Rau, Hannes"]
[Black "Meister, Peter"]
[Result "1/2-1/2"]
[WhiteElo "2473"]
[BlackElo "2371"]
[PlyCount "49"]
[EventDate "2017.??.??"]

1. c4 g6 2. Nc3 Bg7 3. Nf3 d6 4. d4 Bg4 5. e3 c5 6. Be2 cxd4 7. exd4 Nc6 8. Be3
Nh6 9. d5 Bxf3 10. Bxf3 Ne5 11. Be2 Nf5 12. Bf4 O-O 13. Rc1 Rc8 14. b3 a6 15.
O-O Nd4 16. Kh1 Nxe2 17. Qxe2 Re8 18. Bd2 Nd7 19. Ne4 Nf6 20. Nxf6+ Bxf6 21.
Bc3 e5 22. dxe6 Rxe6 23. Qd3 Bxc3 24. Rxc3 d5 25. cxd5 1/2-1/2

[Event "BL 1617 MSA Zugzwang - SV Griesheim"]
[Site "?"]
[Date "2017.04.08"]
[Round "11.1"]
[White "Georgiadis, Nicolas"]
[Black "Bromberger, Stefan"]
[Result "1-0"]
[WhiteElo "2478"]
[BlackElo "2510"]
[PlyCount "87"]
[EventDate "2017.??.??"]

1. d4 Nf6 2. c4 e6 3. g3 c5 4. d5 exd5 5. cxd5 d6 6. Nc3 g6 7. Bg2 Bg7 8. Nf3
O-O 9. O-O Re8 10. Bf4 Na6 11. Re1 Bf5 12. Nd2 Nh5 13. e4 Nxf4 14. gxf4 Bc8 15.
Nc4 Bxc3 16. bxc3 b5 17. Ne3 Qf6 18. c4 Qxf4 19. cxb5 Nc7 20. a4 f5 21. exf5
Bxf5 22. Nxf5 Qxf5 23. Qf3 Qxf3 24. Bxf3 Rxe1+ 25. Rxe1 Rf8 26. Kg2 Rf5 27. Rb1
Rg5+ 28. Kf1 Rf5 29. Kg2 Rg5+ 30. Kf1 Rf5 31. Be4 Re5 32. Bg2 Nxd5 33. a5 Nc3
34. Rb2 c4 35. b6 axb6 36. axb6 Re8 37. b7 Rb8 38. Rb6 d5 39. Ke1 Kf7 40. Kd2
Ne4+ 41. Bxe4 dxe4 42. Kc3 Ke7 43. Kxc4 Kd7 44. Kb5 1-0

[Event "BL 1617 MSA Zugzwang - SV Griesheim"]
[Site "?"]
[Date "2017.04.08"]
[Round "11.2"]
[White "Kindermann, Stefan"]
[Black "Krassowizkij, Jaroslaw"]
[Result "1-0"]
[WhiteElo "2509"]
[BlackElo "2453"]
[PlyCount "61"]
[EventDate "2017.??.??"]

1. e4 e6 2. d4 d5 3. Nd2 c5 4. exd5 Qxd5 5. dxc5 Bxc5 6. Ngf3 Nf6 7. Bc4 Qc6 8.
Qe2 a6 9. O-O O-O 10. Nb3 Bd6 11. Bg5 Qc7 12. Rfd1 Nbd7 13. Nbd4 Ne5 14. Bb3
Nxf3+ 15. Nxf3 b6 16. Rd4 Bb7 17. Bxf6 gxf6 18. Qd2 Bxf3 19. gxf3 Rfd8 20. Rg4+
Kf8 21. Qh6+ Ke7 22. Re1 Be5 23. f4 Rg8 24. Rg7 Bxf4 25. Rxe6+ Kd7 26. Qxh7
Rxg7+ 27. Qxg7 Rg8 28. Qxg8 Bxh2+ 29. Kg2 fxe6 30. Qxe6+ Kd8 31. Qg8+ 1-0

[Event "BL 1617 MSA Zugzwang - SV Griesheim"]
[Site "?"]
[Date "2017.04.08"]
[Round "11.3"]
[White "Grabarczyk, Miroslaw"]
[Black "Mons, Leon"]
[Result "1/2-1/2"]
[WhiteElo "2435"]
[BlackElo "2479"]
[PlyCount "40"]
[EventDate "2017.??.??"]

1. d4 d5 2. c4 e6 3. Nf3 Nf6 4. g3 Be7 5. Bg2 O-O 6. O-O dxc4 7. Qc2 a6 8. a4
Bd7 9. Qxc4 Bc6 10. Bf4 Bd6 11. Bg5 Nbd7 12. Nc3 h6 13. Bxf6 Nxf6 14. Rfe1 Bxf3
15. Bxf3 c6 16. a5 Qe7 17. Ne4 Nxe4 18. Bxe4 Rfd8 19. Red1 Rd7 20. Rd3 Rad8
1/2-1/2